Gaming Quiz

Random Gaming Quiz
Score 0/108 Timer 15:00
0 Plays Today
Faction Vehicle % Correct
Blood AngelsLand Raider
93.3%
Chaos Space MarinesLand Raider
93.3%
DaemonhuntersLand Raider
93.3%
Space MarinesLand Raider
93.3%
Space WolvesLand Raider
93.3%
Witch HuntersLand Raider
93.3%
Blood AngelsRhino
92.4%
Chaos Space MarinesRhino
92.4%
DaemonhuntersRhino
92.4%
Space MarinesRhino
92.4%
Space WolvesRhino
92.4%
Witch HuntersRhino
92.4%
Imperial GuardLeman Russ Battle Tank
87.6%
Blood AngelsDreadnought
85.2%
Blood AngelsPredator
85.2%
Chaos Space MarinesDreadnought
85.2%
Chaos Space MarinesPredator
85.2%
DaemonhuntersDreadnought
85.2%
Space MarinesDreadnought
85.2%
Space MarinesPredator
85.2%
Space WolvesDreadnought
85.2%
Space WolvesPredator
85.2%
Blood AngelsLand Speeder
81%
Space MarinesLand Speeder
81%
Space WolvesLand Speeder
81%
DaemonhuntersChimera
80.5%
Imperial GuardChimera
80.5%
Witch HuntersChimera
80.5%
Blood AngelsRazorback
79%
Space MarinesRazorback
79%
Space WolvesRazorback
79%
Blood AngelsLand Raider Crusader
75.7%
DaemonhuntersLand Raider Crusader
75.7%
Space MarinesLand Raider Crusader
75.7%
Space WolvesLand Raider Crusader
75.7%
Blood AngelsWhirlwind
71.9%
Faction Vehicle % Correct
Space MarinesWhirlwind
71.9%
Space WolvesWhirlwind
71.9%
Blood AngelsVindicator
71.4%
Chaos Space MarinesVindicator
71.4%
Space MarinesVindicator
71.4%
Space WolvesVindicator
71.4%
Imperial GuardBasilisk
69%
OrksTrukk
68.1%
EldarFalcon
66.2%
Tau EmpireHammerhead
66.2%
OrksBattlewagon
65.2%
Blood AngelsLand Raider Redeemer
64.8%
Space MarinesLand Raider Redeemer
64.8%
Space WolvesLand Raider Redeemer
64.8%
EldarFire Prism
64.3%
Blood AngelsDrop Pod
63.8%
Space MarinesDrop Pod
63.8%
Space WolvesDrop Pod
63.8%
Chaos Space MarinesDefiler
63.3%
Blood AngelsBaal Predator
62.4%
Tau EmpireDevilfish
61.9%
Imperial GuardHellhound
61%
Space MarinesVenerable Dreadnought
59%
Space WolvesVenerable Dreadnought
59%
EldarWave Serpent
58.6%
Imperial GuardLeman Russ Demolisher
57.6%
Dark EldarRaider
56.2%
NecronsMonolith
55.7%
Blood AngelsFurioso Dreadnought
54.8%
Blood AngelsStorm Raven
53.3%
Space MarinesLand Speeder Storm
51.4%
EldarWar Walker
50.5%
OrksKilla Kan
49%
Chaos DaemonsSoulgrinder
48.6%
Space MarinesIronclad Dreadnought
48.6%
Imperial GuardValkyrie
48.1%
Faction Vehicle % Correct
Tau EmpirePiranha
46.7%
Dark EldarRavager
45.2%
OrksDeff Dread
43.8%
Imperial GuardLeman Russ Punisher
41.9%
Tau EmpireSkyray
41.9%
Imperial GuardHydra
41.4%
Blood AngelsDeath Company Dreadnought
41%
Witch HuntersImmolator
41%
Imperial GuardLeman Russ Executioner
39.5%
Imperial GuardManticore
39%
EldarVyper
38.6%
Imperial GuardDevil Dog
38.1%
Imperial GuardLeman Russ Vanquisher
38.1%
Imperial GuardBane Wolf
36.7%
OrksWartrakk
36.7%
Imperial GuardMedusa
35.2%
Imperial GuardScout Sentinel
35.2%
OrksLooted Wagon
35.2%
Imperial GuardArmoured Sentinel
34.8%
Imperial GuardDeathstrike
34.8%
Imperial GuardVendetta
34.8%
OrksWarbuggy
34.3%
Imperial GuardGriffon
33.8%
Imperial GuardLeman Russ Exterminator
33.8%
Witch HuntersPenitent Engine
33.3%
Space WolvesBjorn the Fell-Handed
31.4%
Witch HuntersExorcist
30.5%
Space MarinesThunderfire Cannon
30.5%
Dark EldarVenom
30%
Imperial GuardLeman Russ Eradicator
29.5%
EldarNight Spinner
25.7%
Imperial GuardColossus
23.8%
Dark EldarVoidraven
17.1%
EldarSupport Weapon
16.7%
Dark EldarRazorwing
16.2%
OrksBig Gun
16.2%
Remove Ads.
Support Sporcle.
Get the best of Sporcle when you Go Orange. This ad-free experience offers more features, more stats, and more fun while also helping to support Sporcle. Thank you for becoming a member.

You're not logged in!

Compare scores with friends on all Sporcle quizzes.
OR
Log In

Show Comments

Extras

Top Quizzes Today


Score Distribution

Your Account Isn't Verified!

In order to create a playlist on Sporcle, you need to verify the email address you used during registration. Go to your Sporcle Settings to finish the process.

Report this User

Report this user for behavior that violates our Community Guidelines.

Details: